Derecho presupuestal Colombiano (Registro nro. 57049)

Detalles MARC
000 -ENCABEZADO
Número de control [NR] 00552nam a2200169Ia 4500
005 - FECHA Y HORA DE LA ÚLTIMA TRANSACCIÓN
control field 20210403120629.0
008 - DE LONGITUD FIJA DE DATOS DE ELEMENTOS - INFORMACIÓN GENERAL
Elementos de longitud fija [NR] 130821s2007 ck gr spa
020 ## - NUMERO INTERNACIONAL NORMALIZADO PARA LIBROS [R]
Número Internacional Normalizado del libro [NR] 9789586536219
040 ## - FUENTE DE CATALOGACION [NR]
Agencia de catalogación original [NR] Co-BoUCM
Idioma de catalogación [NR] spa
Quien Cataloga Deissy Garcia (modificó)
Quien Clasifica [Nuevo]
041 00 - CODIGO DE IDIOMA [R]
Código de idioma para texto/pista de sonido o título separado [R] Español
100 1# - ASIENTO PRINCIPAL--NOMBRE PERSONAL [NR]
Nombre personal [NR] Restrepo, Juan Camilo
ID Autoridad 102919
245 10 - MENCION DE TITULO [NR]
Título [NR] Derecho presupuestal Colombiano
Mención de responsabilidad, etc. [NR] Juan Camilo Restrepo
260 ## - PUBLICACION, DISTRIBUCION, ETC. (PIE DE IMPRENTA) [R]
Lugar de publicación, distribución, etc. [R] Bogotá (Colombia)
Nombre del editor, distribuidor, etc. [R] Legis
Fecha de publicación, distribución, etc. [R] 2007
300 ## - DESCRIPCION FISICA [R]
Extensión [R] 509 páginas
942 ## - ELEMENTOS DE ENTRADA AGREGADOS (KOHA)
Tipo de ítem principal el descrito en 300a Libro
Tema principal Derecho
Edición 1
Parte restante de la signatura top. R436d
Sistema de clasificación DEWEY
Clasificación 343.034861
Existencias
Fecha de último préstamo Total préstamos Total Renewals Signatura topográfica Código de barras Última vez visto Ejemplar Price effective from Tipo de ítem Perdido Sistema de clasificación Dañado No prestable Tipo de ítem específico Suprimido Ubicación habitual Ubicación actual Localización Fecha de creación Forma de adquisición Costo Costo de reposición Proveedor
17/09/2024 45 5 343.034861 R436d 100092690 29/05/2026 Ej.7 03/02/2013 Libro   DEWEY     Libro   Claustro Claustro 3er piso 30/09/2008 Compra 58000.00    
11/10/2025 35 1 343.034861 R436d 100092688 05/12/2025 Ej.5 03/02/2013 Libro   DEWEY     Libro   Claustro Claustro 3er piso 30/09/2008 Compra 58000.00    
27/02/2025 39   343.034861 R436d 100092685 05/12/2025 Ej.4 03/02/2013 Libro   DEWEY     Libro   Claustro Claustro 3er piso 30/09/2008 Compra 58000.00    
12/09/2023 49 5 343.034861 R436d 100092691 05/12/2025 Ej.10 03/02/2013 Libro   DEWEY     Libro   Claustro Claustro 3er piso 30/09/2008 Compra 58000.00    
14/02/2026 44 4 343.034861 R436d 100092686 10/04/2026 Ej.3 03/02/2013 Libro   DEWEY     Libro   Claustro Claustro 3er piso 30/09/2008 Compra 58000.00    
      343.034861 R436d 100163970 06/12/2024 Ej.11 20/09/2019 Libro   DEWEY     Libro   BodegaJK Claustro Préstamo 2 días después de solicitado 20/09/2019 Donación 0.00 26000.00 12